00341nam a2200109Ia 4500008004100000020002200041041001200063100007000075245003300145260003200178650002100210231221s9999 xx 000 0 und d a978-1-4614-6880-6 aEnglish aJuanzi Li, Guilin Qi, Dongyan Zhao, Wolfgang Nejdl, Hai-Tao Zheng 0aSemantic Web and Web Science c2013bSpringer USaNew York aComputer Science